Quizzes
Events
Quiz Creation
Community
Videos
Private Events
Remove Ads
Sign In
Join for FREE
Feedback
Dark Mode
Quiz Categories
Sports
Geography
Music
Movies
Television
Just For Fun
Miscellaneous
History
Literature
Language
Science
Gaming
Entertainment
Religion
Holiday
For Kids
Quiz Lab
Recent
Popular Today
Quiz Kudos Today
Editor Picks
Curator Picks
Quizzes by...
Day
Popularity
Type
Ratings
Length
Year
Community
Subscriptions
Recent Discussions
Orange Saloon
Badges
Playlists
Quests
Create
Leaderboards
Showdown
Live 5
Trivia Bingo
Activity
Puzzle Library
Sporcle Events
Private Events
Virtual Trivia
Globe League
Become a Host
Pub Owners
SporcleCon
Opinionation
Our Games
Videos
Blog
Mobile Apps
Partnerships
Remove Ads and Go Orange
Feedback
Music
Pop Music
The Beatles
Song
Album
Lyrics
Bands
Singers
Artist
Clip
Rock
Rap
Classical
Billboard
Country Music
Kpop
Taylor Swift
Music
Pop Music
The Beatles
Song
Album
Lyrics
Bands
Singers
Artist
Clip
Rock
Rap
Classical
Billboard
Country Music
Kpop
Taylor Swift
Random Quiz
Search Sporcle
×
Quiz Lab
Quiz Lab
Music
Country Music
Type in answers that appear in a list
Type in answers that appear in a list
Classic
Best Score? Go Orange.
Red Dirt Music Band Initials Stats
Can you name the Red Dirt Music Band Initials?
By
lonestarteacher
6m
29 Questions
217 Plays
217 Plays
217 Plays
Comments
Comments
Give Quiz Kudos
Give Quiz Kudos
-
- Ratings
hide this ad
Forced Order
Answers have to be entered in order
Answers have to be entered in order
Random Order
Randomize order of answers
Randomize order of answers
Replay
Link that replays current quiz
Next Quiz
Link to next quiz in quiz playlist
You Got
0%
They Got
Avg Score
42%
Avg Friend Score
Upgrade to see
Score Distribution
Jump to the score distribution portion of the page
Score
0/29
Timer
06:00
0
Plays Today
Initials
Full Name
% Correct
RRB
Randy Rogers Band
69.1%
JAB
Josh Abbott Band
66.8%
EYB
Eli Young Band
64.1%
CDB
Casey Donahew Band
59%
AW
Aaron Watson
58.5%
WB
Wade Bowen
56.7%
TT
Turnpike Troubadours
54.8%
JBATS
Jason Boland and the Stragglers
50.7%
RK
Reckless Kelly
50.2%
KP
Kyle Park
45.2%
CCATD
Cody Canada and the Departed
45.2%
KF
Kevin Fowler
44.2%
BCB
Bart Crow Band
42.9%
MATM
Micky and the Motorcars
41.9%
SL
Stoney LaRue
41.9%
Initials
Full Name
% Correct
WM
Whiskey Myers
40.6%
CM
Cory Morrow
39.6%
RC
Roger Creager
35.5%
BR
Bruce Robison
35.5%
BE
Bleu Edmondson
35%
KBB
Kyle Bennett Band
31.8%
DW
Dale Watson
30%
NJ
No Justice
29.5%
CR
Charlie Robison
29.5%
BJS
Billy Joe Shaver
27.6%
HC
Hayes Carll
27.6%
EQ
Emory Quinn
25.8%
EHS
Eleven Hundred Springs
24.9%
JC
Johnny Cooper
24%
Quiz Playlist
Details
Report
Send in Message
Add To Playlist
Classic:
Type in answers that appear in a list
Forced Order:
Answers have to be entered in order
Random Order:
Randomize order of answers
Last Updated: Feb 16, 2017
Quiz Scoreboard
CHALLENGE
Sign Up to Join the Scoreboard
Show All
Scores
Hide
Comments
May contain spoilers
Recently Published
1-10 Letter E Words III
by El_Dandy
Language
2m
One Thing in Common: World Cities II
by knightlancer
Geography
7m
Popular People in 1961
by mucciniale
History
6m
More to Explore
Quiz From the Vault
Featured Blog Post
Where Did the Easter Bunny Come From?
hide this ad
You Might Also Like...
Tags
Country Music Quiz
Texas
Today's Top Quizzes in Music
Browse Music
hide this ad
Today's Top Quizzes in Country Music
Browse Country Music
Top Contributed Quizzes in Music
1
Taylor Swift All Songs (2024)
2
Taylor Swift Logic Puzzle
3
2010s Album by Cover III
4
Guess the Taylor Swift song (Mystery Song)
5
One Thing in Common: Music
6
Guess the Artist- 70s Songs
7
2010s Album by Cover IV
8
2010s Album by Cover V
9
Get the Picture: Carrie or Dolly
10
Lana Del Rey Discography (BTD to DYKTTATUOB)
Explore More
Trending Topics
Marvel
Anime
Disney
NBA
Crossword
Harry Potter
Kpop
Song
Country
WWE
Soccer
Pokémon
The Office
NFL
Puzzle
hide this ad
More By:
lonestarteacher
Quiz
Plays
Rating
Category
Featured
Created
TV Show Law Enforcers
21,753
3.93
Television
Jun 7, 2011
George Strait Song Fill-In-The-Blank
2,084
3.67
Music
Jun 19, 2011
George Strait Lyrics
1,200
4.50
Music
Jul 8, 2011
George Strait Lyrics II
778
Music
Jul 8, 2011
ABC's Classic Country Music Missing Word
641
4.00
Music
Jun 24, 2011
Go to Creator's Profile
Score Distribution
Quiz Creator Spotlight
lonestarteacher
Follow
Send a Message
Quizzes Created
-
Created Quiz Play Count
-
More By This Creator
Popular Quizzes Today
1
Find the US States - No Outlines Minefield
2
The Countries of the World
3
Popular People in 1961
4
Find the Countries of Europe - No Outlines Minefield
5
1-10 Letter E Words III
6
Find the US States
7
One Thing in Common: World Cities II
8
US States
More Music Quizzes
10 to 1: 80s Pop Songs
Published
Trending Quizzes
1-10 Letter F Words
1-10 Letter G Words
Risky Map Clicking: Next State Alphabetically
1-10 Letter F Words II
Risky Map Clicking: States by Unique Starting Letters
Recently Updated
Leaping Animals
pecheneg
Reality TV Shows (A-Z)
bhenderson79
Rickey Henderson's Hall of Fame Teammates
pecheneg
Champions League XIs: Arsenal
pecheneg
Quick Pick: Celebrities in WWE's Hall of Fame
aduchscher
A-Z Keypad Blitz II
pecheneg
Multiple Oscar Actors
pecheneg
Mystery Phrase Blitz: Oscar 'Best Actors'
pecheneg
F. Scott Fitzgerald Novels
LTH
Pick 3 Villains
ddd62291
Trending Topics
Anime
NBA
Disney
Kpop
Marvel
Harry Potter
Crossword
Pokémon
Country
Song
NFL
WWE
The Office
Soccer
Puzzle
Your Account Isn't Verified!
In order to create a playlist on Sporcle, you need to verify the email address you used during registration. Go to your
Sporcle Settings
to finish the process.
Report this User
Report this user for behavior that violates our
Community Guidelines
.
Details:
Send Report
Go to the Sporcle.com Mobile Site →
Comments